| 000 | 00547nam a22001817a 4500 | ||
|---|---|---|---|
| 005 | 20230321023429.0 | ||
| 008 | 230321b |||||||| |||| 00| 0 eng d | ||
| 020 | _a978-981-07-4213-4 | ||
| 082 | _aFil. 646.47 D562 2018 | ||
| 100 |
_aDiente, Rodolfo H. _eauthor |
||
| 245 |
_aTailoring 2 / _cRodolfo H. Diente, Janie M. Regencia |
||
| 260 |
_aQuezon City: _bVibal, _cc2018 |
||
| 300 |
_av, 304p.: _bill. |
||
| 504 | _aIncludes bibliographical references and index | ||
| 541 | _e6060 | ||
| 650 | _aTailoring | ||
| 700 |
_aRegencia, Jeanie M. _eauthor |
||
| 999 |
_c1908 _d1908 |
||